| 000 | 00903nam a2200229Ia 4500 | ||
|---|---|---|---|
| 001 | 9997 | ||
| 003 | GE_BSU | ||
| 008 | 181216s||||||||xx |||||||||||||| ||und|| | ||
| 040 | _cGE_BSU | ||
| 080 | _a821.353.1–31 | ||
| 100 | _aრობაქიძე,გრიგოლ | ||
| 245 | _aგველის პერანგი.ფალესტრა | ||
| 245 | _bრომანები | ||
| 245 | _cრედ. ავთანდილ ჩხიკვიშვილი.სერიის რედ.გურამ.გვერდწითელი,გურამ ფანჯიკიძე.მხატვ.სპ.ცინცაძე | ||
| 260 | _aთბილისი | ||
| 260 | _bმერანი | ||
| 260 | _c1988 | ||
| 300 | _a383გვ.1ფ.პორტრ.18სმ. | ||
| 653 | _aგველის პერანგი | ||
| 653 | _aრომანები | ||
| 942 | _cBK | ||
| 999 |
_c43270 _d43270 |
||